Bracelets

Bibliographic Details
Main Author: Walker, Amanda
Format: Book
Published: Kent : Search Press Ltd , 2011
Series:Twenty to make
Subjects:

MARC

LEADER 00000cam a2200000 7i4500
001 0000041015
005 20140529.0
008 140528
020 |a 1844482764 
090 0 0 |a 739.27   |b WAL 
100 1 |a Walker, Amanda 
245 1 0 |a Bracelets   |c Amanda Walker 
260 |a Kent :   |b Search Press Ltd ,   |c 2011 
440 |a Twenty to make 
650 0 |a Bracelets 
650 0 |a Jewelry making 
999 |a 0001292770   |b Book   |c Adult Collection   |e Perbadanan Perpustakaan Awam Johor